[Event "EU-ch U12"]
[Site "Bratislava"]
[Date "2019.08.02"]
[Round "1"]
[White "Asllani, Dorian"]
[Black "Oloeriu, Calin"]
[Result "1-0"]
[WhiteElo "1854"]
[BlackElo "1436"]
[PlyCount "89"]
[EventDate "2019.08.02"]
[EventType "swiss"]
[EventRounds "9"]
[EventCountry "SVK"]
[SourceTitle "EXT 2020"]
[Source "ChessBase"]
[SourceDate "2019.10.17"]
[SourceVersion "1"]
[SourceVersionDate "2019.10.17"]
[SourceQuality "1"]

1. d4 d5 2. c4 e6 3. Nc3 Nf6 4. Nf3 c6 5. e3 Nbd7 6. Bd3 Be7 7. 0-0 0-0 8. e4 b6 9. cxd5 exd5 10. e5 Ne8 11. Qc2 h6 12. Re1 Nc7 13. Bf4 Ne6 14. Bg3 Re8 15. Rac1 Bb7 16. Bf5 Ndf8 17. Red1 h5 18. h3 h4 19. Bh2 Bg5 20. Nxg5 Qxg5 21. Bg4 Qe7 22. Qe2 f6 23. Qd3 g6 24. exf6 Qxf6 25. Be5 Qg5 26. Ne2 Nd7 27. f4 Nxe5 28. dxe5 Qh6 29. Rf1 Ng7 30. Nd4 c5 31. Nb5 Re7 32. Nd6 Rd8 33. Bf3 Kh8 34. Bxd5 Bxd5 35. Qxd5 Qh7 36. Nf7+ Rxf7 37. Qxd8+ Qg8 38. Qxh4+ Qh7 39. Qd8+ Qg8 40. Rcd1 Qxd8 41. Rxd8+ Kh7 42. Rfd1 Rxf4 43. R1d7 Rd4 44. Rxd4 cxd4 45. Rxd4 1-0